[Event "29. Torneo San Viator 2017"]
[Site "Madrid ESP"]
[Date "2017.11.05"]
[Round "8.13"]
[White "Fernandez Estremera, Fernando"]
[Black "Alonso Aranzabal, Iñigo"]
[Result "1-0"]
[WhiteElo "1721"]
[BlackElo "1880"]
[PlyCount "105"]
[EventDate "2017.09.17"]
[EventType "swiss"]
[EventRounds "9"]
[EventCountry "ESP"]
[SourceTitle "Ajedrez en Madrid"]
[Source "lmi"]
[SourceDate "2017.09.17"]

1. d4 Nf6 2. c4 g6 3. Nc3 Bg7 4. e4 d6 5. Nf3 O-O 6. Be2 e5 7. dxe5 dxe5 8.
Qxd8 Rxd8 9. Bg5 Re8 10. Nd5 Nxd5 11. cxd5 c6 12. Bc4 cxd5 13. Bxd5 Nd7 14.
O-O-O Nf6 15. Bxf6 Bxf6 16. Kb1 Rb8 17. Nd2 Be7 18. Nc4 Bc5 19. f3 Kg7 20. a3
f6 21. b4 Be7 22. Rc1 b6 23. Rhd1 Rd8 24. Ne3 Bd6 25. Rc3 a5 26. bxa5 bxa5+ 27.
Ka2 Ba6 28. Bc4 Bc8 29. Rcd3 Rb6 30. a4 Kf8 31. Nd5 Rc6 32. Bb5 Rc2+ 33. Kb1
Rxg2 34. Nb6 Ke7 35. Rxd6 Rf8 36. Nxc8+ Rxc8 37. Rd7+ Kf8 38. Rxh7 Kg8 39. Rb7
Rxh2 40. Rdd7 g5 41. Rbc7 Rxc7 42. Rxc7 Rf2 43. Rc3 Kg7 44. Bd7 Rd2 45. Bg4 Rd4
46. Ra3 Kf7 47. Ra2 Ke7 48. Kb2 Kd6 49. Kb3 Rb4+ 50. Ka3 Kc5 51. Rc2+ Kd4 52.
Rc6 Kd3 53. Rc5 1-0

[Event "29. Torneo San Viator 2017"]
[Site "Madrid ESP"]
[Date "2017.11.05"]
[Round "8.14"]
[White "Fernandez Rios, Jose Francisco"]
[Black "Gil Sierra, Jacinto"]
[Result "1/2-1/2"]
[WhiteElo "1770"]
[BlackElo "1920"]
[PlyCount "91"]
[EventDate "2017.09.17"]
[EventType "swiss"]
[EventRounds "9"]
[EventCountry "ESP"]
[SourceTitle "Ajedrez en Madrid"]
[Source "lmi"]
[SourceDate "2017.09.17"]

1. d4 e6 2. c4 f5 3. Nc3 Bb4 4. e3 Nf6 5. Bd3 b6 6. Nge2 Bb7 7. O-O Bxc3 8.
Nxc3 O-O 9. b3 d6 10. f3 Nbd7 11. e4 fxe4 12. fxe4 e5 13. d5 a6 14. Bg5 Qe8 15.
Qe2 Qh5 16. Qxh5 Nxh5 17. Rxf8+ Rxf8 18. Rf1 Rxf1+ 19. Kxf1 Nhf6 20. b4 Kf7 21.
Ke2 h6 22. Be3 Ke7 23. Kf3 c5 24. dxc6 Bxc6 25. b5 axb5 26. cxb5 Bb7 27. Na4
Nc5 28. Bxc5 bxc5 29. Nc3 d5 30. exd5 Nxd5 31. Ne4 Nc3 32. Ke3 Bxe4 33. Bxe4
Nxb5 34. a4 Nd6 35. Bd5 Nf5+ 36. Ke4 Kd6 37. Bc4 Nd4 38. a5 Kc7 39. a6 Nc6 40.
Bd5 Na7 41. Kxe5 Kb6 42. Bc4 Nc6+ 43. Kd6 Na5 44. Kd5 Nc6 45. Kd6 Na5 46. Kd5
1/2-1/2

[Event "29. Torneo San Viator 2017"]
[Site "Madrid ESP"]
[Date "2017.11.05"]
[Round "8.15"]
[White "Ochoa Gonzalez, Hugo"]
[Black "Barahona Torrijos, Angel"]
[Result "1-0"]
[WhiteElo "1557"]
[BlackElo "1855"]
[PlyCount "43"]
[EventDate "2017.09.17"]
[EventType "swiss"]
[EventRounds "9"]
[EventCountry "ESP"]
[SourceTitle "Ajedrez en Madrid"]
[Source "lmi"]
[SourceDate "2017.09.17"]

1. e4 e5 2. Nf3 Nc6 3. Bb5 a6 4. Ba4 Nf6 5. O-O Be7 6. Re1 b5 7. Bb3 Bb7 8. d4
Nxd4 9. Nxd4 exd4 10. e5 Nd5 11. Qg4 Kf8 12. Qf3 c6 13. c3 g5 14. cxd4 h5 15.
Nc3 g4 16. Qf5 Kg7 17. Ne4 d6 18. Ng5 Bxg5 19. Bxg5 Bc8 20. Bf6+ Nxf6 21. Qg5+
Kf8 22. exf6 1-0

[Event "29. Torneo San Viator 2017"]
[Site "Madrid ESP"]
[Date "2017.11.05"]
[Round "8.16"]
[White "Calvo de Castro, Miguel"]
[Black "Lopez Benitez, David"]
[Result "1/2-1/2"]
[WhiteElo "1836"]
[BlackElo "1717"]
[PlyCount "53"]
[EventDate "2017.09.17"]
[EventType "swiss"]
[EventRounds "9"]
[EventCountry "ESP"]
[SourceTitle "Ajedrez en Madrid"]
[Source "lmi"]
[SourceDate "2017.09.17"]

1. d4 Nf6 2. c4 g6 3. Nf3 Bg7 4. g3 O-O 5. Bg2 d6 6. O-O Nbd7 7. b3 Rb8 8. Bb2
Ng4 9. h3 Nh6 10. Qd2 f5 11. Ng5 Nf6 12. d5 Nf7 13. Nxf7 Rxf7 14. Nc3 a6 15. a4
Qf8 16. f4 Nd7 17. Rae1 Nf6 18. Nd1 Bd7 19. Qa5 Qc8 20. Bd4 b6 21. Qc3 Ne4 22.
Bxe4 Bxd4+ 23. Qxd4 fxe4 24. g4 Bxg4 25. hxg4 Qxg4+ 26. Kf2 Qxf4+ 27. Kg2
1/2-1/2

[Event "29. Torneo San Viator 2017"]
[Site "Madrid ESP"]
[Date "2017.11.05"]
[Round "8.17"]
[White "Sanchez Gomez, Emiliano"]
[Black "Jimenez Elices, Jose Maria"]
[Result "0-1"]
[WhiteElo "1742"]
[BlackElo "1766"]
[PlyCount "42"]
[EventDate "2017.09.17"]
[EventType "swiss"]
[EventRounds "9"]
[EventCountry "ESP"]
[SourceTitle "Ajedrez en Madrid"]
[Source "lmi"]
[SourceDate "2017.09.17"]

1. e4 e6 2. d4 d5 3. e5 c5 4. c3 Nc6 5. Nf3 Qb6 6. Bd3 cxd4 7. cxd4 Nh6 8. Nc3
Bd7 9. O-O Nxd4 10. Nxd4 Qxd4 11. Nb5 Qxe5 12. Re1 Qb8 13. Qf3 Bd6 14. Qxd5
Bxh2+ 15. Kf1 a6 16. Nd4 Qd6 17. Qe4 f5 18. Nxf5 Nxf5 19. Qxf5 O-O-O 20. Qf3
Bc6 21. Be4 Bb5+ 0-1

[Event "29. Torneo San Viator 2017"]
[Site "Madrid ESP"]
[Date "2017.11.05"]
[Round "8.18"]
[White "Tudela Garcia, Antonio"]
[Black "Cano Mercado, Francisco Manuel"]
[Result "0-1"]
[WhiteElo "1593"]
[BlackElo "1823"]
[PlyCount "63"]
[EventDate "2017.09.17"]
[EventType "swiss"]
[EventRounds "9"]
[EventCountry "ESP"]
[SourceTitle "Ajedrez en Madrid"]
[Source "lmi"]
[SourceDate "2017.09.17"]

1. e4 e6 2. Qe2 c5 3. Nf3 Nc6 4. g3 g6 5. Bg2 Bg7 6. O-O Nge7 7. c3 O-O 8. d3
d6 9. Na3 Rb8 10. Nc2 b5 11. Rb1 b4 12. c4 Qb6 13. Ne3 Bb7 14. b3 a5 15. Bb2
Nd4 16. Nxd4 cxd4 17. Nc2 e5 18. Bc1 h6 19. f4 f5 20. fxe5 dxe5 21. exf5 gxf5
22. Bxb7 Rxb7 23. Kh1 Qc6+ 24. Qg2 e4 25. dxe4 fxe4 26. Rxf8+ Kxf8 27. Bb2 Nf5
28. Rf1 Rf7 29. Bxd4 Nxd4 30. Rxf7+ Kxf7 31. Qf2+ Qf6 32. Qg2 0-1

[Event "29. Torneo San Viator 2017"]
[Site "Madrid ESP"]
[Date "2017.11.05"]
[Round "8.19"]
[White "Soderstrom, Henrik"]
[Black "Estevez Sacristan, Deva"]
[Result "0-1"]
[WhiteElo "1684"]
[BlackElo "1665"]
[PlyCount "108"]
[EventDate "2017.09.17"]
[EventType "swiss"]
[EventRounds "9"]
[EventCountry "ESP"]
[SourceTitle "Ajedrez en Madrid"]
[Source "lmi"]
[SourceDate "2017.09.17"]

1. e4 e6 2. d4 d5 3. Bd3 dxe4 4. Bxe4 Nf6 5. Bd3 Nbd7 6. Nf3 Bd6 7. O-O O-O 8.
Bg5 b6 9. c4 Bb7 10. Nc3 Be7 11. Qe2 c5 12. Rfe1 Bxf3 13. Qxf3 cxd4 14. Nb5 e5
15. Bxf6 Bxf6 16. Be4 Rc8 17. Nd6 Rc7 18. Bd5 g6 19. Nb5 Bg7 20. Nxc7 Qxc7 21.
Qg3 Kh8 22. Rad1 f5 23. h4 f4 24. Qg5 Rf5 25. Qe7 Bf8 26. Qe8 Kg7 27. Qe6 Nf6
28. Bf3 Nd7 29. Be4 Nc5 30. Qd5 Nxe4 31. Rxe4 Bd6 32. g3 fxg3 33. fxg3 Bc5 34.
Kg2 Bd6 35. a3 Rf6 36. b4 Rf5 37. g4 Rf6 38. Rc1 Qf7 39. Qxf7+ Kxf7 40. c5 bxc5
41. bxc5 Bc7 42. Rf1 Rxf1 43. Kxf1 Ke6 44. Re1 Kd5 45. Rc1 d3 46. Kf2 Kd4 47.
c6 e4 48. Rb1 e3+ 49. Kf3 e2 50. Ra1 Bb6 51. Rb1 Kc3 52. Rxb6 e1=Q 53. c7 Qe2+
54. Kf4 Qh2+ 0-1

[Event "29. Torneo San Viator 2017"]
[Site "Madrid ESP"]
[Date "2017.11.05"]
[Round "8.20"]
[White "Criado Jimenez, Jose"]
[Black "Gonzalez Jimenez, Gerardo"]
[Result "1-0"]
[WhiteElo "1617"]
[BlackElo "1655"]
[PlyCount "72"]
[EventDate "2017.09.17"]
[EventType "swiss"]
[EventRounds "9"]
[EventCountry "ESP"]
[SourceTitle "Ajedrez en Madrid"]
[Source "lmi"]
[SourceDate "2017.09.17"]

1. c4 Nf6 2. Nf3 c5 3. g3 g6 4. Bg2 Bg7 5. O-O d5 6. cxd5 Nxd5 7. Nc3 O-O 8.
Qb3 Nxc3 9. dxc3 Nc6 10. Bg5 Qc7 11. Rad1 b6 12. Bf4 e5 13. Nxe5 Bxe5 14. Bxe5
Qxe5 15. Bxc6 Be6 16. Qc2 Rad8 17. c4 Bg4 18. Be4 Kg7 19. f3 Be6 20. f4 Qf6 21.
Bd5 Bg4 22. Rd2 Rfe8 23. e4 h5 24. h4 Bc8 25. Kh2 Qd6 26. Qc3+ Kg8 27. Bxf7+
Kxf7 28. Rxd6 Rxd6 29. e5 Rd4 30. b4 Red8 31. Rf2 Rd3 32. Qb2 cxb4 33. Qxb4 Bb7
34. e6+ Kxe6 35. Re2+ Kf5 36. Qe7 Bc8 1-0